El cuerpo humano / (Registro nro. 3593)

000 -CABECERA
campo de control de longitud fija 01371nam a22002891a 4500
001 - NÚMERO DE CONTROL
campo de control 000052614
005 - FECHA Y HORA DE LA ÚLTIMA TRANSACCIÓN
campo de control 20200120222730.0
008 - DATOS DE LONGITUD FIJA--INFORMACIÓN GENERAL
campo de control de longitud fija 130205s2007 sp a gr| 000 0 spa d
020 ## - NÚMERO INTERNACIONAL ESTÁNDAR DEL LIBRO
Número Internacional Estándar del Libro 9788478649198.
041 0# - CÓDIGO DE LENGUA
Código de lengua del texto/banda sonora o título independiente spa
082 04 - NÚMERO DE LA CLASIFICACIÓN DECIMAL DEWEY
Número de clasificación 612
Número de documento/Ítem Z24
Número de edición 21
100 ## - ENTRADA PRINCIPAL--NOMBRE DE PERSONA
Nombre de persona Zeitoun, Charline
245 10 - MENCIÓN DE TÍTULO
Título El cuerpo humano /
Mención de responsabilidad, etc. textos de Charline Zeitoun ; ilustraciones de Peter Allen ; adaptación Anna Gasol.
250 ## - MENCIÓN DE EDICIÓN
Mención de edición 1a. ed
260 ## - PUBLICACIÓN, DISTRIBUCIÓN, ETC.
Lugar de publicación, distribución, etc. Barcelona :
Nombre del editor, distribuidor, etc. Combel Editorial,
Fecha de publicación, distribución, etc. 2007.
300 ## - DESCRIPCIÓN FÍSICA
Extensión 23 p. :
Otras características físicas ilustraciones a color.
490 ## - MENCIÓN DE SERIE
Mención de serie ¿Qué es?
500 ## - NOTA GENERAL
Nota general Ej. 1 de la Biblioteca Madrid ISBN: 8478649190, 1a. ed. de 2007.
500 ## - NOTA GENERAL
Nota general Título original : Le Corps humain
500 ## - NOTA GENERAL
Nota general Ej.1 de Mosquera donado por la Biblioteca Nacional - PNLB 2012.
520 3# - SUMARIO, ETC.
Sumario, etc. "Los niños descubren cómo funciona el cuerpo humano, las partes de La Tierra, lo que es el color y cómo cambia el tiempo. Cada tema en esta colección es presentado por un niño y una niña que se adentran en su estudio mediante experimentos sencillos que los lectores podrán reproducir en casa...."
650 17 - PUNTO DE ACCESO ADICIONAL DE MATERIA--TÉRMINO DE MATERIA
Término de materia o nombre geográfico como elemento de entrada Cuerpo humano
Subdivisión general Libros ilustrados para niños
Fuente del encabezamiento o término LEMB.
650 27 - PUNTO DE ACCESO ADICIONAL DE MATERIA--TÉRMINO DE MATERIA
Término de materia o nombre geográfico como elemento de entrada Anatomía humana
Subdivisión general Libros ilustrados para niños
Fuente del encabezamiento o término LEMB.
650 27 - PUNTO DE ACCESO ADICIONAL DE MATERIA--TÉRMINO DE MATERIA
Término de materia o nombre geográfico como elemento de entrada Fisiología humana
Subdivisión general Libros ilustrados para niños
Fuente del encabezamiento o término LEMB.
700 1# - PUNTO DE ACCESO ADICIONAL--NOMBRE DE PERSONA
Nombre de persona Allen, Peter,
Término indicativo de función/relación ilustrador.
700 1# - PUNTO DE ACCESO ADICIONAL--NOMBRE DE PERSONA
Nombre de persona Gasol, Anna,
Término indicativo de función/relación adaptador.
Existencias
Estado de retiro Estado de pérdida Fuente del sistema de clasificación o colocación Estado dañado No para préstamo Código de colección Localización permanente Ubicación/localización actual Fecha de adquisición Número de inventario Total de préstamos Renovaciones totales Signatura topográfica completa Código de barras Fecha visto por última vez Fecha del último préstamo Número de copia Precio válido a partir de Tipo de ítem Koha Nota pública
          Colección General Biblioteca Pública San Juan Bosco Biblioteca Pública San Juan Bosco 20/01/2020 112340 5 1 612 Z24 MOS002009 29/04/2026 10/04/2026 ej.1 20/01/2020 Libro Ocho días

© Todos los derechos reservados para la Biblioteca Pública Municipal San Juan Bosco, 2020
Secretaria de Cultura de Mosquera
Carrera 3 N° 10 Esquina Centro Cultural Barrio El Carmén Teléfono: 8270830 Ext: 34
Funcionando con KOHA
Contacto: Biblioteca Pública Municipal San Juan Bosco/ bibliotecasanjuanbosco@mosquera-cundinamarca.gov.co
Mosquera, Cundinamarca